[Event "FRA-chT4 0506"]
[Site "Bretagne"]
[Date "2006.01.15"]
[Round "4"]
[White "Cahn, Guillaume"]
[Black "Le Pennec, Herve"]
[Result "0-1"]
[WhiteElo "1770"]
[BlackElo "1850"]
[PlyCount "60"]
[EventDate "2005.10.16"]
[EventType "team-tourn"]
[EventRounds "7"]
[EventCountry "FRA"]
[SourceTitle "EXT 2007"]
[Source "ChessBase"]
[SourceDate "2006.11.23"]
[SourceVersion "1"]
[SourceVersionDate "2006.11.23"]
[SourceQuality "1"]

1. Nf3 c5 2. g3 Nc6 3. Bg2 e6 4. 0-0 Nf6 5. d3 Qc7 6. e4 d6 7. Nbd2 Be7 8. a4 0-0 9. Nh4 e5 10. f4 Bg4 11. Ndf3 exf4 12. Bxf4 Nh5 13. Qd2 Nxf4 14. Qxf4 Qd7 15. Rf2 h6 16. Nf5 Bxf5 17. exf5 Bf6 18. Rb1 Nd4 19. g4 Rfe8 20. Kh1 Nxf3 21. Bxf3 Re5 22. Rg2 Rae8 23. Qg3 Re3 24. h4 Bxh4 25. Qxh4 Rxf3 26. g5 Qxf5 27. Qc4 hxg5 28. Qb5 Rf1+ 29. Kh2 Qf4+ 30. Rg3 Re2+ 0-1

[Event "FRA-chT3 0405"]
[Site "France"]
[Date "2005.04.03"]
[Round "9"]
[White "Cahn, Guillaume"]
[Black "Huard, Herve"]
[Result "1-0"]
[WhiteElo "1780"]
[BlackElo "1820"]
[PlyCount "91"]
[EventDate "2004.10.10"]
[EventType "team-tourn"]
[EventRounds "9"]
[EventCountry "FRA"]
[SourceTitle "EXT 2007"]
[Source "ChessBase"]
[SourceDate "2006.11.23"]
[SourceVersion "1"]
[SourceVersionDate "2006.11.23"]
[SourceQuality "1"]

1. d4 Nf6 2. Nf3 g6 3. Bf4 Bg7 4. Nbd2 0-0 5. e4 d6 6. Be2 c5 7. c3 Qb6 8. Nc4 Qd8 9. e5 Nd5 10. Bg5 f6 11. exf6 exf6 12. Bh4 Nf4 13. Ne3 Nxe2 14. Qxe2 Be6 15. d5 Bf7 16. Bg3 Re8 17. 0-0-0 a6 18. h4 h5 19. Qc2 b5 20. Bh2 Bh6 21. Rhe1 Ra7 22. Kb1 Rae7 23. Qd3 Kg7 24. g4 Bxe3 25. fxe3 hxg4 26. Nd2 g5 27. hxg5 f5 28. Bf4 Bg6 29. Qe2 Rxe3 30. Qxe3 Rxe3 31. Rxe3 Nd7 32. Re6 Ne5 33. Rh1 Nd3 34. Rxd6 Qe7 35. Re6 Qxe6 36. dxe6 Nxf4 37. Re1 Ng2 38. Re5 f4+ 39. Kc1 Kf8 40. Ne4 Bxe4 41. Rxe4 Ke7 42. Kd2 f3 43. g6 f2 44. Ke2 g3 45. g7 Ne3 46. Rxe3 1-0

[Event "FRA-chT3 0405"]
[Site "France"]
[Date "2005.03.13"]
[Round "7"]
[White "Cahn, Guillaume"]
[Black "Malin, Cedric"]
[Result "0-1"]
[WhiteElo "1780"]
[BlackElo "1910"]
[PlyCount "88"]
[EventDate "2004.10.10"]
[EventType "team-tourn"]
[EventRounds "9"]
[EventCountry "FRA"]
[SourceTitle "EXT 2007"]
[Source "ChessBase"]
[SourceDate "2006.11.23"]
[SourceVersion "1"]
[SourceVersionDate "2006.11.23"]
[SourceQuality "1"]

1. d4 d5 2. Nf3 e6 3. Bg5 f6 4. Bd2 c5 5. c3 Nc6 6. e3 Bd6 7. Na3 e5 8. dxe5 fxe5 9. e4 Nf6 10. exd5 Ne7 11. c4 h6 12. Be2 0-0 13. 0-0 a6 14. Rc1 Bd7 15. Ne1 Qc7 16. Kh1 g5 17. Rc3 Rf7 18. Bh5 Rg7 19. Nac2 Rf8 20. Ne3 Ne4 21. Ng4 Bxg4 22. Bxg4 Rxf2 23. Kg1 Rxf1+ 24. Kxf1 Nxc3 25. Bxc3 Rf7+ 26. Kg1 Kg7 27. Be6 Rf6 28. Qg4 Rf4 29. Qh5 Ng6 30. Nf3 Rxc4 31. Bd2 e4 32. Nxg5 Bf4 33. Bf5 hxg5 34. Qxg6+ Kf8 35. Be6 e3 36. Qf6+ Ke8 37. Qg6+ Kf8 38. Bc3 Rxc3 39. bxc3 Bxh2+ 40. Kh1 e2 41. Qe4 Qe5 42. Qf3+ Bf4 43. g3 e1Q+ 44. Kh2 Qxg3+ 0-1

[Event "Uzes op"]
[Site "Uzes"]
[Date "1989.??.??"]
[Round "1"]
[White "Cahn, Guillaume"]
[Black "Michalet, Guy"]
[Result "0-1"]
[WhiteElo "1670"]
[BlackElo "2215"]
[PlyCount "72"]
[EventDate "1989.??.??"]
[EventType "swiss"]
[EventRounds "9"]
[EventCountry "FRA"]
[SourceTitle "EXT 1997"]
[Source "ChessBase"]
[SourceDate "1996.11.15"]
[SourceVersion "1"]
[SourceVersionDate "1996.11.15"]
[SourceQuality "1"]

1. f4 c5 2. b3 Nf6 3. Nf3 g6 4. Bb2 Bg7 5. e3 0-0 6. Be2 Nc6 7. 0-0 d6 8. Nc3 a6 9. a3 b5 10. Qe1 Bd7 11. Nd1 Qb6 12. Rb1 a5 13. Qh4 Bf5 14. d3 a4 15. Kh1 axb3 16. cxb3 c4 17. e4 cxd3 18. Bxd3 Bxe4 19. Bxe4 Nxe4 20. f5 d5 21. Ng5 Nxg5 22. Qxg5 d4 23. Nf2 Qc5 24. Ng4 f6 25. Qh4 g5 26. Qh5 Ne5 27. Rbc1 Qd5 28. Rc7 Qf7 29. Qh3 h5 30. Nf2 Rfd8 31. Ne4 Ng4 32. Qd3 Rab8 33. Bxd4 Qd5 34. Rd1 Qxf5 35. Rd2 Rxd4 36. Nxf6+ Qxf6 0-1